00249nam a2200085Ia 4500001000800000005001700008008004100025245004500066260005200111125312620251031150947.0251031s9999 xx 000 0 und d 0cLIANE SCHNEIDERaU-5 ELİF MÜZİSYEN bTÜRKİYE İŞ BANKASI KÜLTÜR YAYINLARI